Statistics for 15 Largest Cities in Zimbabwe🇿🇼

Click here to take the quiz!

General Stats

  • This quiz has been taken 8 times
  • The average score is 7 of 15

Answer Stats

PopulationCity% Correct
1.5 milHarare
100%
699kBulawayo
88%
184kMutare
75%
146kGweru
50%
79kKadoma
50%
99kKwekwe
50%
47kChegutu
38%
61kChinhoyi
38%
340kChitungwiza
38%
123kEpworth
38%
57kMarondera
38%
76kMasvingo
38%
52kNorton
38%
35kZvishavane
38%
37kBindura
25%

Score Distribution

Percentile by Number Answered

Percent of People with Each Score

Your Score History

You have not taken this quiz